000 00537nam a22001937a 4500
005 20240515010953.0
008 230303b |||||||| |||| 00| 0 eng d
020 _a978-971-9905-86-8
082 _aFil. 795 L732 2011
100 _aLim, Romeo D.
_eauthor
245 _aGaming and cruise /
_cDr. Romeo D. Lim
260 _aManila:
_bMindshapers,
_cc2011.
300 _avi, 479p.;
_bill.
504 _aIncludes bibliographical references
541 _e4250
650 _aGambling
650 _aOcean travel
650 _aTourist trade
999 _c1575
_d1575